| 000 | 00361nam a2200133Ia 4500 | ||
|---|---|---|---|
| 008 | 150202s9999 xx 000 0 und d | ||
| 020 | _a708817300 | ||
| 050 |
_aFIC _bFIC |
||
| 100 | _aPrice, Anthony. | ||
| 245 |
_aTomorrow's ghost / _cAnthony Price. |
||
| 260 |
_aGreat Britain : _bFutura Books, _c1979. |
||
| 300 |
_a256 pages : _c18 cm. |
||
| 650 | _aFiction. | ||
| 999 |
_c282329 _d282329 |
||